00984pam a2200301 a 450000100080000000300140000800500170002200800410003901000170008002000160009703800120011304000180012504100130014305000240015608200170018010000180019713000410021524500440025626000510030030000380035150000150038950400510040456300140045565000160046971000180048585600890050385600900059216704523-540-61185-120210812155347.0980428s1998 ge a b 001 0 eng  a 98022434  a3540611851  akhadija aDLCcDLCdDLC1 aenghger00aTS205b.H33413 199800a671221bSCH aSchuler GmbH.0 aHandbuch der Umformtechnik.lEnglish10aMetal forming handbook /cSchuler GmbH. aBerlin ;aNew York :bSpringer-Verlag,cc1998. axx, 563 p. :bcol. ill. ;c24 cm. aHardcover. aIncludes bibliographical references and index. aHardcover 0aMetal-work.2 aSchuler GmbH.423Publisher descriptionuhttp://www.loc.gov/catdir/enhancements/fy0815/98022434-d.html413Table of contents onlyuhttp://www.loc.gov/catdir/enhancements/fy0815/98022434-t.html